| 000 | 00508cam a2200193ua 4500 | ||
|---|---|---|---|
| 001 | 8276 | ||
| 008 | 150127n ii |||gr||||Z||||||asm | ||
| 040 | _cMAIN | ||
| 041 | _aasm | ||
| 082 | _a891.4514 | ||
| 100 |
_aKonwar, Arpana, _eAuthor. |
||
| 245 | 1 | 1 |
_aPracin asamiya gadyasoili _cby Arpana Konwar |
| 250 |
_a2nd / _b2nd Banalata ed. |
||
| 260 |
_aDibrugarh: _bBanalata, _c2010. |
||
| 300 | _a241p. | ||
| 653 | _aEast Indo-European & Celtic literatures | ||
| 653 | _aAssamese literatrure | ||
| 942 | _cBK | ||
| 999 |
_c7391 _d7391 |
||